Modelado hidráulico y propuesta de mejoras para el acueducto de la comunidad costera y turística de Uvita, cantón de Osa
Kaydedildi:
| Yazar: | |
|---|---|
| Materyal Türü: | Kitap |
| Dil: | Spanish |
| Baskı/Yayın Bilgisi: |
[San José ], Costa Rica
2019
|
| Konular: | |
| Etiketler: |
Etiketle
Etiket eklenmemiş, İlk siz ekleyin!
|
MARC
| LEADER | 00000nam a22000007a 4500 | ||
|---|---|---|---|
| 003 | 013079 | ||
| 005 | 20230426132934.0 | ||
| 008 | 190711b2019 c a|||| |m|| 00| ||spa d | ||
| 040 | |c cru CEDI | ||
| 100 | |9 427 |a Cervantes Mora, Alejandra María, 1992- | ||
| 245 | |a Modelado hidráulico y propuesta de mejoras para el acueducto de la comunidad costera y turística de Uvita, cantón de Osa | ||
| 260 | |a [San José ], Costa Rica |c 2019 | ||
| 500 | |a Proyecto de graduación (licenciatura en ingeniería civil)--Universidad de Costa Rica. Facultad de Ingeniería. Escuela de Ingeniería Civil. Departamento. Hidráulica y Ambiental | ||
| 501 | |a Director de Proyecto de Graduación: Ing. Luis Manuel Zamora González | ||
| 650 | |x INGENIERIA HIDRAULICA - INSTRUMENTOS |x PREDICCIONES DEMOGRAFICAS |x CONSUMO DE AGUA - MEDICIONES |x UVITA (OSA, PUNTARENAS, COSTA RICA) - SUMINISTRO DE AGUA - EVALUACION |x ACUEDUCTO - UVITA (OSA, PUNTARENAS, COSTA RICA) - NORMAS TECNICAS | ||
| 942 | |c CEDI |h TFG 8229 |6 TFG_8229_000000000000000 | ||
| 999 | |c 21741 |d 21741 | ||
